01952cam a22004334i 4500003000900000005001700009008004100026020001500067035002700082040003300109049000900142082002200151100003700173245009800210264006100308300003900369336002100408337002500429338002300454504006100477505055200538526001001090526001001100526001001110526001001120526000801130526000801138526000801146526000801154526000801162526000801170526000801178650004401186650003301230942001201263980005501275999001701330952017101347PE-LiUPU20250731173142.0150623s r 000 0 d a0664222668 a(Sirsi) i9780664222666 aPE-LiUPUbspacPE-LiUPUerda aPRUA04a207.11bC153i2211 aCalian, Carnegie Samuel,eautor.14aThe ideal seminary :bpursuing excellence in theological education /cCarnegie Samuel Calian. 1aLouisville-London :bWestminster John Knox Press,c2002. a137 páginas ;c23 centímetros. atext2rdacontent aunmediated2rdamedia avolume2rdacarrier aIncluye referencias bibliográficas páginas: 129-131.0 aInstitutional challenges: seminary education and leadership, the search for excellence among theological schools, academic freedom and seminary education, who owns the seminary?. Program challenges: tomorrow's seminary curriculum, making the world your classroom, the globalization and multiculturalization of theological education, expanding the horizons of seminary education. Student Concerns: who is qualified to minister?, going through seminary without losing your faith, the place of prayer in seminary education, toward the ideal seminary. aSEG42 aSEG41 aSEG40 aSEG39 aP94 aP87 aP86 aP85 aP77 aP76 aP3500aTeologíaxEstudio y enseñanza9151500aTeologíaxSeminarios91517 2ddccBK 81gALBERTO SANCHEZ Responsable de Automatización c34764d34764 r2025-12-02 00:00:00i7l0o207.11 C153ip52903te1v25.00w2015-06-24xFTyBKzinventario-2023-12-13102ddc50708GENfP35aBULbBULcGENd2015-06-24eCOMPRAg20.00